| 000 | 00620nam a2200193Ii 4500 | ||
|---|---|---|---|
| 003 | JO-AjNU | ||
| 008 | 230605s9999||||xx |||||||||||||| ||und|| | ||
| 040 |
_aJO-AjNU _bara _erda _cJO-AjNU |
||
| 041 | _aara | ||
| 050 | 1 | 4 | _aQP301 1987 |
| 100 | 3 |
_aالصميدعي، لؤي غانم, _eauthor _937108 |
|
| 245 | 0 | 0 | _aاليايوميكانيك والرياضة |
| 264 | 3 | 1 | _aبغداد:جامعة الموصل ، 1987 |
| 300 | _a420ص | ||
| 336 |
_atext _btxt _2rdacontent |
||
| 337 |
_aunmediated _bn _2rdamedia |
||
| 338 |
_avolume _bnc _2rdacarrier |
||
| 650 | 4 |
_aاليايوميكانيك - والرياضة _937109 |
|
| 999 |
_aA15476 _c19044 _d19044 |
||